| 000 | 00423nam a22001697a 4500 | ||
|---|---|---|---|
| 999 |
_c6326 _d6326 |
||
| 003 | GBCCL | ||
| 005 | 20241126110600.0 | ||
| 008 | 180509b ||||| |||| 00| 0 eng d | ||
| 040 | _cgbc | ||
| 082 |
_aVER 264 _bBIA |
||
| 245 | _aBiakna Late (Tonic Solfa Tawh) | ||
| 250 | _a4th ed. | ||
| 260 |
_aNew Lamka: _bEvangelical Book House, EBC, _c2004 |
||
| 300 |
_a651 p.; _c21 cm. |
||
| 650 |
_aHymns _97148 |
||
| 942 |
_2ddc _cBK _03 |
||